[Event "IRI-ch U18 Girls"]
[Site "Chess.com INT"]
[Date "2021.01.16"]
[Round "6"]
[White "Karimi, Yalda"]
[Black "Ahmadi, Seyedeh Malihe"]
[Result "0-1"]
[WhiteElo "1043"]
[BlackElo "1617"]
[PlyCount "102"]
[EventDate "2021.01.16"]
[EventType "swiss"]
[EventRounds "9"]
[EventCountry "IRI"]
[SourceTitle "CBM 200 Extra"]
[Source "ChessBase"]
[SourceDate "2021.03.31"]
[SourceVersion "1"]
[SourceVersionDate "2021.03.31"]
[SourceQuality "1"]

1. e4 e5 2. Nf3 Nc6 3. Bc4 Nf6 4. Nc3 Bc5 5. d3 h6 6. Be3 Bb6 7. h3 d6 8. 0-0 Be6 9. Bb3 Qd7 10. Nh2 d5 11. Bxb6 axb6 12. exd5 Nxd5 13. Nxd5 Bxd5 14. Bxd5 Qxd5 15. Re1 0-0 16. Qf3 Qe6 17. a3 Nd4 18. Qd1 Rfe8 19. Nf3 Nc6 20. Qd2 Rad8 21. Qc3 Qf6 22. Rad1 Rd6 23. Kf1 Rde6 24. Nd2 Qg6 25. Re3 f5 26. Rde1 Kh7 27. Rg3 Qf6 28. Rf3 Nd4 29. Rfe3 Rc6 30. Nc4 b5 31. Rc1 bxc4 32. dxc4 b5 33. c5 f4 34. Re4 f3 35. gxf3 Nxf3 36. Re3 Nd4 37. b4 Rf8 38. Qd2 Qg6 39. Qd1 Qf5 40. Qd2 Nf3 41. Qd3 e4 42. Qxe4 Qxe4 43. Rxe4 Nd2+ 44. Ke2 Nxe4 45. f3 Ng5 46. Rf1 Nxh3 47. c3 Re6+ 48. Kd3 Ng5 49. f4 Ne4 50. f5 Re7 51. Kd4 Ng3 0-1